Guess the Taylor Swift Song (no hints) 91 - Statistics

General Stats
  • This quiz has been taken 77 times
  • The average score is 382 of 429
Answer Stats
Answer % Correct
a
100%
And
100%
and
100%
I
100%
in
100%
In
100%
me,
98%
me
98%
my
98%
on
98%
on,
98%
all
95%
at
95%
But
95%
but
95%
He
95%
is
95%
Is
95%
it
95%
It's
95%
(it's
95%
like
95%
of
95%
that
95%
the
95%
The
95%
to
95%
To
95%
We
95%
we
95%
We're
95%
we're
95%
are
93%
for
93%
I'm
93%
mine
93%
off
93%
so
93%
So,
93%
they
93%
too
93%
what
93%
with
93%
Come
91%
come
91%
day
91%
get
91%
just
91%
night
91%
our
91%
Out
91%
us
91%
'Cause
89%
'cause
89%
dream
89%
every
89%
free
89%
know
89%
new
89%
them
89%
about
86%
baby,
86%
Baby,
86%
best
86%
bored
86%
coming
86%
romantic
86%
romantic)
86%
romantics
86%
tired
86%
wait
86%
build
84%
castle
84%
(castle)
84%
could
84%
dancing
84%
dancing,
84%
life
84%
love
84%
Oh
84%
(Oh)
84%
Oh,
84%
(oh)
84%
threw
84%
young
84%
along
82%
anthem
82%
battle
82%
better
82%
can't
82%
cry
82%
doin'
82%
everything
82%
feet
82%
Heartbreak
82%
national
82%
people
82%
ruin
82%
Then
82%
(Ah)
80%
(ah)
80%
bathroom
80%
bricks
80%
busy
80%
classroom
80%
exactly
80%
Honey,
80%
honey,
80%
letters
80%
mascara
80%
play
80%
proudly
80%
road
80%
scarlet
80%
show
80%
sing
80%
take
80%
Trust
80%
up
80%
Ace
77%
aren't
77%
different
77%
hand
77%
here
77%
see
77%
tears
77%
dumb
75%
leave
75%
most
75%
trains
75%
true
75%
face
73%
Please
73%
terrible
73%
want
73%
blinding
70%
cruel
70%
knocked
70%
lights
70%
rumors
70%
timing
70%
record
68%
stranded
68%
back
66%
changer
66%
danger
66%
poker
66%
switch
66%
need
61%
sides
61%
hang
57%
team
57%
noise
52%
No matching quizzes found
Score Distribution
Percent of People with Each Score
Percentile by Number Answered
Your Score History
You have not taken this quiz